00485cam a22002051 4500001001300000003000400013005001700017008004100034010001700075035002000092040001800112042001200130050001900142100003100161245001700192260001900209300001900228500001500247999001700262sa 68007088 DLC20260227112520.0881028s1963 xx 000 0 benr  asa 68007088  a(OCoLC)23580376 aDLCcMiUdDLC apremarc00aPK1718.B36bB51 aBasu, Ajit Krishna,d1912-10aBidhātā. a[n.p.]c[1963] a191 p.c22 cm. aRomanized. c81613d81613